000 01165nam a2200241 a 4500
008 120416s1997 ||||||||||||||||| || u
020 _a0132557614
050 _aHF 5635 Man
100 _aKaplan, Robert S
245 1 0 _aManagement accounting. (2nd ed.)
_cAnthony A. Atkinson; (and others)
250 _a2nd ed.
260 _aUpper Saddle River, N.J. :
_bFT Prentice-Hall
_c1997
300 _axxxv, 741p. : ill.
350 _a0.00
490 _aThe Robert S. Kaplan series in management accounting
650 0 _aACCOUNTING--HANDBOOKS, MANUALS, ETC
650 0 _aMANAGERIAL ACCOUNTING
700 _aAtkinson, Anthony A
700 _aBanker, Rajiv D
995 _aMAIN LIBRARY OPEN ACCESS
_D0.00
_e734254
_FCBU-MAIN LIBRARY (Kitwe)
_H1
_I64.20
_jHF 5635 Man
_M1
_UAVAILABLE
_WMay 9, 2006
_y46595
_ZMain Library Open Access Collection
995 _aANNEX COLLECTION (Main Library)
_D0.00
_e734697
_FCBU-MAIN LIBRARY (Kitwe)
_H2
_I64.20
_jHF 5635 Man
_M2
_UAVAILABLE
_y47931
_ZAnnex Low-Usage Collection
995 _aMAIN LIBRARY OPEN ACCESS
_D0.00
_e734698
_FCBU-MAIN LIBRARY (Kitwe)
_H1
_I0.00
_jHF 5635 Man
_M3
_UAVAILABLE
_WAug 23, 2006
_y47929
_ZMain Library Open Access Collection
999 _c82386
_d82386